000 00592nam a2200193Ia 4500
005 20250923144853.0
008 008 250917s9999 xx 000 0 eng d
037 _aTextual
040 _aDSWL
_beng
_cDSWL
041 _aeng
_2eng
084 _aY X;6-E8.2WL83, N59
_qDSWL
100 _aMody, J.R.P.
_9829269
245 0 _aJamsetjee Jejeelihoy- The First Indian kne & Boronet
_cby J.R.P. Mody
260 _aBombay
_bJahangir R.P. Mody Evergre
_c1959
365 _aINR
_b5
925 _g5
942 _cTEXL
_hY X;6-E8.2WL83, N59
999 _c1444393
_d1444393